000 00508nam a2200193 a 4500
005 20140310183451.0
008 090119s19uu xx 00 eng d
020 _a9781422118597
050 _aHD 57.7
_b.L43744 2007
245 _aLeading by example /
260 _aBoston, Massachusetts :
_bHarvard Business School, Pub,
_c2007.
300 _a100 p. :
_c19 cm.
440 _aLessons Learned
521 _aBSBA
650 _aBSBA.
650 _aLeadership.
942 _cBK
_2lcc
_kFOR
999 _c23415
_d23415